000
00321nam a22001337a 4500
008
171017b xxu||||| |||| 00| 0 eng d
020
_a
2900073530467
041
_a
eng
080
_2
4TH
_a
331.101.262
100
_a
52
101
_a
BNJ
245
_a
FUNDAMENTALS OF HUMAN RESOURCE MANAGEMENT
_c
NOE,R.A
942
_2
udc
_c
BK
999
_c
34327
_d
34327